| 000 | 00484nam a2200169Ia 4500 | ||
|---|---|---|---|
| 008 | 231217s9999 xx 000 0 und d | ||
| 020 | _a8176254711 | ||
| 041 | _aEnglish | ||
| 082 | _a370 HAV;1 R | ||
| 100 | _aHavighurst, Robert J. | ||
| 245 | 0 | _aProphets of education Vol.15 : on society and education | |
| 260 |
_c2004 _bSarup and Sons _aNew Delhi |
||
| 300 | _a524 | ||
| 400 | _aA continuing series | ||
| 650 | _aProphets,education,Vol.15,society,education | ||
| 942 | _cAA | ||
| 999 |
_c195916 _d195916 |
||